Favorites des rois de France - Statistiques

Statistiques générales
  • Ce quiz a été pris 36 fois
  • Le résultat moyen est 5 sur 10
Statistiques - réponses
Hint Réponse % Correct
Françoise Athénaïs de Montespan Louis XIV
88%
Jeanne-Antoinette de Pompadour Louis XV
79%
Diane de Poitiers Henri II
70%
Gabrielle d'Estrées Henri IV
67%
Agnès Sorel Charles VII
61%
Odette de Champdivers Charles VI
48%
Marie Touchet Charles IX
45%
Anne de Pisselieu François Ier
36%
Veronica Franco Henri III
33%
Marie de Breuillet Louis VI
18%
Aucun quiz correspondant
Distribution des résultats
% des personnes avec chaque résultat
Percentile par nombre de réponses
Votre historique - résultats
Vous n’avez pas pris ce quiz